Normal view
MARC view
- Language and Linguistics - Applied Linguistics
Entry Topical Term
001 - CONTROL NUMBER
- control field: 5994
003 - CONTROL NUMBER IDENTIFIER
- control field: JO-AjAnu
005 - DATE AND TIME OF LATEST TRANSACTION
- control field: 20230606071255.0
008 - FIXED-LENGTH DATA ELEMENTS
- fixed length control field: 230606|| aca||aabn | a|a d
040 ## - CATALOGING SOURCE
- Original cataloging agency: JO-AjAnu
- Transcribing agency: JO-AjAnu
150 ## - HEADING--TOPICAL TERM
- Topical term or geographic name entry element: Language and Linguistics - Applied Linguistics
670 ## - SOURCE DATA FOUND
- Source citation: Work cat.: (JO-AjAnu)3105: Szudarski, Pawet, author 5993, Corpus Linguistics for Vocabulary: A Guide for Research